|
|
|
|
| LEADER |
00000nab a2200000 a 4500 |
| 001 |
vtls000015833 |
| 003 |
SK-MaSNL |
| 005 |
20260304063354.0 |
| 008 |
250422c1978 xo 0 slo |
| 015 |
|
|
|a SNBRB19rr/mm-uuuuu
|
| 035 |
|
|
|a CL0025927
|
| 035 |
|
|
|a urn:nbn:sk:snk-abdjri
|
| 035 |
|
|
|a (urnnbn)urn:nbn:sk:snk:ar-0014mx
|
| 035 |
|
|
|a (uuid)3f51d138-debb-4d95-9bc9-9c8a623dc05c
|
| 040 |
|
|
|a SNKBUCL
|b slo
|c SNKBUCL
|e AACR2
|
| 041 |
0 |
|
|a slo
|
| 044 |
|
|
|a xo
|c SK
|
| 080 |
|
|
|a 792
|2 1981
|
| 080 |
|
|
|a 929 Horníček, Miroslav
|2 1981
|
| 100 |
1 |
|
|a Horníček, Miroslav,
|d 1918-2003
|4 aut
|9 101715
|
| 245 |
1 |
0 |
|a Rozhovor namiesto gratulácie k šesťdesiatinám Miroslava Horníčka
|c Miroslav Horníček, Otakar Brůna
|
| 600 |
1 |
7 |
|a Horníček, Miroslav,
|d 1918-2003
|2 snkbucl
|9 101715
|
| 655 |
|
7 |
|a články z novín a časopisov
|2 snkbucl
|9 267496
|
| 700 |
1 |
|
|a Brůna, Otakar,
|d 1928-2012
|4 aut
|9 256397
|
| 773 |
0 |
|
|t Film a divadlo
|g Roč. 22, č. 22 (1978), s. 28-29
|
| 850 |
|
|
|a Slovenská národná knižnica
|
| 852 |
|
|
|a Slovenská národná knižnica
|
| 954 |
|
|
|a odborná, vedecká literatúra pôvodná (slovenská)
|2 lita
|
| 958 |
|
|
|a article19
|
| 958 |
|
|
|a OND
|
| 958 |
|
|
|a RK
|
| 958 |
|
|
|a EUIPO
|
| 992 |
|
|
|a RBX
|
| 999 |
|
|
|c 2742313
|d 2744243
|